Latex processors perspective on enhancing competitiveness of the rubber sector in Kerala (Record no. 62056)

MARC details
000 -LEADER
fixed length control field 00611nam a2200157Ia 4500
100 ## - MAIN ENTRY--AUTHOR NAME
Personal name Abraham Satish
245 #0 - TITLE STATEMENT
Title Latex processors perspective on enhancing competitiveness of the rubber sector in Kerala
260 ## - PUBLICATION, DISTRIBUTION, ETC. (IMPRINT)
Name of publisher Resurgent-Natural Rubber: Conference on Enhancing Competitiveness of the Rubber Industry and Thought Leadership in Development of Rubber Sector in Kerala, Kochi 19-20 December, 2003: Souvenir
300 ## - PHYSICAL DESCRIPTION
Number of Pages 39-42
650 ## - SUBJECT ADDED ENTRY--TOPICAL TERM
Topical Term Kerala
650 ## - SUBJECT ADDED ENTRY--TOPICAL TERM
Topical Term Latex processing
650 ## - SUBJECT ADDED ENTRY--TOPICAL TERM
Topical Term NR industry
650 ## - SUBJECT ADDED ENTRY--TOPICAL TERM
Topical Term Rubber plantation
942 ## - ADDED ENTRY ELEMENTS (KOHA)
Koha item type Journals
Holdings
Withdrawn status Lost status Damaged status Not for loan Home library Current library Shelving location Date acquired Koha item type
      Journals RRII Library RRII Library Rubber general 17/12/2021 Journals